[Event "Titled Tuesday intern op 30th Apr Early"]
[Site "Chess.com INT"]
[Date "2024.04.30"]
[Round "8"]
[White "De Silva, LMST"]
[Black "Golubovic, Erik"]
[Result "1-0"]
[WhiteElo "2362"]
[BlackElo "2084"]
[PlyCount "78"]
[EventDate "2024.04.30"]
[EventType "swiss (blitz)"]
[EventRounds "11"]
[EventCountry "USA"]
[SourceTitle "CB19_2024"]
[SourceDate "2024.05.08"]
[SourceVersion "1"]
[SourceVersionDate "2024.05.08"]
[SourceQuality "1"]

1. e4 c5 2. Nf3 d6 3. Bb5+ Bd7 4. Bxd7+ Qxd7 5. c4 Nf6 6. Nc3 Nc6 7. d4 cxd4 8. Nxd4 g6 9. f3 Bg7 10. Be3 0-0 11. 0-0 a6 12. Qd3 Ne5 13. Qe2 Rfc8 14. b3 Rab8 15. Rac1 e6 16. Rfd1 Qe7 17. Qd2 h5 18. a4 h4 19. h3 Nh5 20. f4 Nc6 21. Nf3 Rd8 22. f5 Ne5 23. Nd4 Kh7 24. Rf1 Rf8 25. Bg5 Bf6 26. Bxf6 Nxf6 27. Qg5 Kg7 28. Rf2 Nd3 29. Rcf1 Nxf2 30. Rxf2 Rbe8 31. Qxh4 exf5 32. exf5 Qe1+ 33. Kh2 Qxc3 34. Rf3 Qd2 35. fxg6 fxg6 36. Rg3 Qh6 37. Nf5+ Kf7 38. Nxh6+ Ke7 39. Ng4 Kd7 1-0

[Event "Titled Tuesday intern op 30th Apr Early"]
[Site "Chess.com INT"]
[Date "2024.04.30"]
[Round "3"]
[White "Golubovic, Erik"]
[Black "Gorodetzky, David"]
[Result "0-1"]
[WhiteElo "2084"]
[BlackElo "2494"]
[PlyCount "95"]
[EventDate "2024.04.30"]
[EventType "swiss (blitz)"]
[EventRounds "11"]
[EventCountry "USA"]
[SourceTitle "CB19_2024"]
[SourceDate "2024.05.08"]
[SourceVersion "1"]
[SourceVersionDate "2024.05.08"]
[SourceQuality "1"]

1. d4 d5 2. c4 e6 3. Nf3 c5 4. cxd5 exd5 5. g3 Nc6 6. Bg2 Nf6 7. 0-0 Be7 8. Nc3 0-0 9. Bg5 c4 10. e3 Be6 11. Bxf6 Bxf6 12. b3 Qa5 13. Rc1 b5 14. bxc4 bxc4 15. Nd2 Rac8 16. Qa4 Qxa4 17. Nxa4 Nb4 18. Nc5 Nxa2 19. Ra1 Rxc5 20. dxc5 Bxa1 21. Rxa1 Nb4 22. Rxa7 Rc8 23. Nb1 Kf8 24. Nc3 Rxc5 25. h4 h6 26. Bf3 g5 27. hxg5 hxg5 28. Rb7 Nc2 29. g4 d4 30. exd4 Nxd4 31. Kg2 Ra5 32. Rb1 Ra3 33. Rc1 Ke7 34. Nd5+ Kd6 35. Ne3 c3 36. Be4 Ne2 37. Rc2 Nd4 38. Rc1 Ke5 39. Bd3 Bd5+ 40. Kg3 c2 41. Bb5 Nxb5 42. Rxc2 Nc3 43. Rd2 Be6 44. Rc2 Ne4+ 45. Kg2 Nf6 46. Rb2 Nxg4 47. Rb5+ Kf6 48. Nd1 0-1

[Event "Titled Tuesday intern op 16th Apr Early"]
[Site "Chess.com INT"]
[Date "2024.04.16"]
[Round "9"]
[White "Golubovic, Erik"]
[Black "Al Tarbosh, Ward"]
[Result "0-1"]
[WhiteElo "2084"]
[BlackElo "2262"]
[PlyCount "140"]
[EventDate "2024.04.16"]
[EventType "swiss (blitz)"]
[EventRounds "11"]
[EventCountry "USA"]
[SourceTitle "CB17_2024"]
[SourceDate "2024.04.24"]
[SourceVersion "1"]
[SourceVersionDate "2024.04.24"]
[SourceQuality "1"]

1. d4 Nf6 2. c4 b6 3. Nc3 Bb7 4. Nf3 e6 5. g3 Be7 6. Bg2 0-0 7. 0-0 Ne4 8. Qc2 Nxc3 9. Qxc3 c5 10. Bf4 Bf6 11. Bd6 Re8 12. Qd2 cxd4 13. Nxd4 Bxg2 14. Kxg2 Nc6 15. Nf3 Rc8 16. Rad1 Na5 17. b3 Nb7 18. Ba3 Rc7 19. h4 h6 20. e4 Be7 21. Bxe7 Qxe7 22. e5 Rd8 23. Rfe1 d6 24. exd6 Rxd6 25. Qe2 Rcd7 26. Ne5 Rxd1 27. Rxd1 Rxd1 28. Qxd1 Nc5 29. Kg1 Ne4 30. Qd4 Nf6 31. Nc6 Qc7 32. Ne5 h5 33. b4 Qb7 34. c5 bxc5 35. bxc5 Qd5 36. Qxd5 Nxd5 37. Nc6 a6 38. Nb8 Nc7 39. Kg2 Kf8 40. Nd7+ Ke7 41. Nb6 e5 42. Kf3 Ke6 43. Ke4 f5+ 44. Kd3 f4 45. gxf4 exf4 46. Ke4 Kf7 47. Kxf4 Ne6+ 48. Kf5 Nxc5 49. Nc4 g6+ 50. Kf4 Kf6 51. Nd6 Nd3+ 52. Ke3 Ne5 53. Ne4+ Kf5 54. f3 Nc4+ 55. Kd4 Ne5 56. Ke3 Nf7 57. Ng3+ Ke6 58. Ne4 Ke5 59. Nc3 Nd6 60. Ne4 Nf5+ 61. Kf2 Nxh4 62. Ng3 Nf5 63. Kg2 Nxg3 64. Kxg3 g5 65. Kf2 Kf4 66. Kg2 a5 67. a3 a4 68. Kf2 h4 69. Kg2 h3+ 70. Kxh3 Kxf3 0-1

[Event "Titled Tuesday intern op 12th Mar Late"]
[Site "Chess.com INT"]
[Date "2024.03.12"]
[Round "1"]
[White "Gritsenko, Nikolai"]
[Black "Golubovic, Erik"]
[Result "1-0"]
[WhiteElo "2309"]
[BlackElo "2096"]
[PlyCount "157"]
[EventDate "2024.03.12"]
[EventType "swiss (blitz)"]
[EventRounds "11"]
[EventCountry "USA"]
[SourceTitle "CB12_2024"]
[SourceDate "2023.10.01"]
[SourceVersion "1"]
[SourceVersionDate "2023.10.01"]
[SourceQuality "1"]

1. d4 Nf6 2. Bg5 d5 3. Nd2 e6 4. e3 c5 5. c3 Nc6 6. f4 Be7 7. Bd3 0-0 8. Ngf3 b6 9. 0-0 Bb7 10. Ne5 h6 11. Bh4 Rc8 12. Rf3 Nxe5 13. fxe5 Ne4 14. Bxe7 Qxe7 15. Rf4 f5 16. exf6 Nxf6 17. Qe2 e5 18. dxe5 Qxe5 19. Rf5 Qe7 20. Re1 Rce8 21. h3 Ne4 22. Rxf8+ Rxf8 23. Nxe4 dxe4 24. Bc4+ Kh8 25. Rf1 Bc6 26. Rxf8+ Qxf8 27. Qg4 Qd8 28. Qe6 Bb7 29. a4 Qd1+ 30. Kh2 Qd8 31. Qe5 Bc6 32. Bb5 Bxb5 33. axb5 Qa8 34. c4 Qb7 35. Kg3 a6 36. bxa6 Qxa6 37. Qe8+ Kh7 38. Qxe4+ Kh8 39. Qd3 Qa1 40. Qd8+ Kh7 41. Qd3+ Kh8 42. b3 Qe5+ 43. Kf3 Qf6+ 44. Ke2 Qb2+ 45. Kf3 Qf6+ 46. Kg3 Qe5+ 47. Kf2 Qf6+ 48. Ke2 Qb2+ 49. Kd1 Qa1+ 50. Kd2 Qb2+ 51. Qc2 Qe5 52. Kc1 Qa1+ 53. Kd2 Qe5 54. Ke2 Qg3 55. Kd3 Qd6+ 56. Kc3 Qe5+ 57. Kd2 Qg3 58. Kd3 Qd6+ 59. Ke2 Qg3 60. Qe4 Qd6 61. Qd5 Qc7 62. e4 Qg3 63. e5 Qxb3 64. e6 Qc2+ 65. Kf3 Qc3+ 66. Kf2 Qb2+ 67. Kg3 Qf6 68. Qe4 Qe7 69. Kf4 Qd6+ 70. Qe5 Qd2+ 71. Kf3 Qd3+ 72. Kf2 Qd2+ 73. Kg3 Qd8 74. e7 Qe8 75. Qe6 Kh7 76. Kf3 Kh8 77. Ke4 Kh7 78. Kd5 Qa8+ 79. Qc6 1-0

[Event "Titled Tuesday intern op 12th Mar Early"]
[Site "Chess.com INT"]
[Date "2024.03.12"]
[Round "5"]
[White "Palacio, Igor Da Paz"]
[Black "Golubovic, Erik"]
[Result "0-1"]
[WhiteElo "2172"]
[BlackElo "2096"]
[PlyCount "132"]
[EventDate "2024.03.12"]
[EventType "swiss (blitz)"]
[EventRounds "11"]
[EventCountry "USA"]
[SourceTitle "CB12_2024"]
[SourceDate "2023.10.01"]
[SourceVersion "1"]
[SourceVersionDate "2023.10.01"]
[SourceQuality "1"]

1. e4 c5 2. Nc3 d6 3. g3 g6 4. d3 Bg7 5. Bg2 Nc6 6. f4 e6 7. Nf3 Nge7 8. 0-0 0-0 9. Be3 Nd4 10. e5 Nef5 11. Bf2 Nxf3+ 12. Qxf3 Nd4 13. Qd1 dxe5 14. fxe5 Bxe5 15. Ne4 Bd7 16. c3 Nf5 17. Nxc5 Bc6 18. Ne4 Bg7 19. Rb1 Qc7 20. g4 Nd6 21. Bg3 Qb6+ 22. Bf2 Qd8 23. Bc5 Bxe4 24. dxe4 Be5 25. Bf2 Qc7 26. Qf3 Rad8 27. h3 Nc4 28. Be1 Nd2 29. Bxd2 Rxd2 30. Kh1 Rfd8 31. Rbd1 R8d3 32. Rxd2 Rxd2 33. Rf2 Rd7 34. Rf1 Qc4 35. a3 Qd3 36. Qxd3 Rxd3 37. Rf2 Rd1+ 38. Bf1 Bg3 39. Rf3 Be1 40. Kg2 Rd2+ 41. Kg1 Rxb2 42. Rd3 Bd2 43. a4 Rc2 44. c4 Bc3 45. Rd8+ Kg7 46. Rd7 Rc1 47. Kg2 Ba5 48. Kf3 b6 49. Rxa7 Rc3+ 50. Ke2 Bb4 51. Kf2 Bc5+ 52. Kg2 Ra3 53. Rc7 Kf6 54. Ra7 g5 55. h4 gxh4 56. Be2 h3+ 57. Kh2 Bd6+ 58. Kh1 h2 59. Kg2 Ra1 60. Bf1 Rxf1 61. Kxf1 h1Q+ 62. Ke2 Qxe4+ 63. Kd2 Bb4+ 64. Kc1 Qe3+ 65. Kc2 Qc3+ 66. Kd1 Qd2# 0-1

[Event "Titled Tuesday intern op 06th Feb Late"]
[Site "Chess.com INT"]
[Date "2024.02.06"]
[Round "9"]
[White "Golubovic, Erik"]
[Black "Kashefi, Amir Hossein"]
[Result "1-0"]
[WhiteElo "2025"]
[BlackElo "2193"]
[PlyCount "53"]
[EventDate "2024.02.06"]
[EventType "swiss (blitz)"]
[EventRounds "11"]
[EventCountry "USA"]
[SourceTitle "CB07_2024"]
[SourceDate "2024.02.14"]
[SourceVersion "1"]
[SourceVersionDate "2024.02.14"]
[SourceQuality "1"]

1. d4 c5 2. d5 e6 3. c4 exd5 4. cxd5 d6 5. Nc3 g6 6. Nf3 Bg7 7. h3 Nf6 8. e4 0-0 9. Be3 Re8 10. Nd2 Na6 11. Be2 Nc7 12. a4 b6 13. 0-0 Ba6 14. Bxa6 Nxa6 15. Re1 Nc7 16. Qc2 Qd7 17. Nc4 Rab8 18. Bf4 Bf8 19. Rad1 a6 20. e5 dxe5 21. Nxe5 Qc8 22. d6 Ne6 23. d7 Nxd7 24. Nxd7 Nxf4 25. Nf6+ Kh8 26. Rxe8 Qb7 27. Qe4 1-0